000 nam a22 a 4500
999 _c2676
_d2676
005 20170517151126.0
008 170517s2002 be ||||| |||| 00| 0 eng d
040 _aAKMAL
082 _a343.056026 CLA
090 _a343.056026
_bCLA
245 1 0 _aNomenclature and Classification. Classification Decision Taken By The Harmonized System Committee From The 1st to 26th Sessions :
_b(1988 - 2000)
260 _aBrussels;
_bWorld Customs Organization,
_c2002
300 _a250pages
_c30cm
650 1 0 _aTariff
_xTerminology and classification
_94075
942 _2ddc
_cBOOK
950 _lAKMAL